Fiora a kráľ (Record no. 22272)
[ view plain ]
| 000 -LEADER | |
|---|---|
| fixed length control field | 01608cam a2200433 a 4500 |
| 001 - CONTROL NUMBER | |
| control field | 22272 |
| 003 - CONTROL NUMBER IDENTIFIER | |
| control field | VRT |
| 005 - DATE AND TIME OF LATEST TRANSACTION | |
| control field | 20260324155549.0 |
| 008 - FIXED-LENGTH DATA ELEMENTS--GENERAL INFORMATION | |
| fixed length control field | 240314s1995 xo er 000 f slo |
| 020 ## - INTERNATIONAL STANDARD BOOK NUMBER | |
| International Standard Book Number | 8021801832 |
| 035 ## - SYSTEM CONTROL NUMBER | |
| System control number | urn:nbn:sk:snk-amk3zq |
| 035 ## - SYSTEM CONTROL NUMBER | |
| System control number | urn:nbn:sk:snk-am0055cc |
| 035 ## - SYSTEM CONTROL NUMBER | |
| System control number | 949EAD87-C979-4C4A-800B-79AEB69D8C82 |
| 039 #9 - LEVEL OF BIBLIOGRAPHIC CONTROL AND CODING DETAIL [OBSOLETE] | |
| Level of rules in bibliographic description | 202406192103 |
| Level of effort used to assign nonsubject heading access points | csnk01 |
| Level of effort used to assign subject headings | 202403141526 |
| Level of effort used to assign classification | VLOAD |
| Level of effort used to assign subject headings | 202204061841 |
| Level of effort used to assign classification | AUTHORITY |
| Level of effort used to assign subject headings | 202204061832 |
| Level of effort used to assign classification | AUTHORITY |
| 040 ## - CATALOGING SOURCE | |
| Original cataloging agency | SNK |
| Language of cataloging | slo |
| Transcribing agency | SNK |
| Description conventions | AACR2 |
| 041 1# - LANGUAGE CODE | |
| Language code of text/sound track or separate title | slo |
| Language code of original | fre |
| 044 ## - COUNTRY OF PUBLISHING/PRODUCING ENTITY CODE | |
| MARC country code | xo |
| ISO country code | SK |
| 080 ## - UNIVERSAL DECIMAL CLASSIFICATION NUMBER | |
| Universal Decimal Classification number | 840-31=854 |
| Edition identifier | 1981 |
| 100 1# - MAIN ENTRY--PERSONAL NAME | |
| Personal name | Benzoni, Juliette, |
| Dates associated with a name | 1920-2016 |
| Relationship | aut |
| 240 10 - UNIFORM TITLE | |
| Uniform title | Fiora et le Roi de France |
| Language of a work | Slovensky |
| 245 10 - TITLE STATEMENT | |
| Title | Fiora a kráľ |
| Statement of responsibility, etc. | Juliette Benzoni ; preložil Miroslav Neman |
| 250 ## - EDITION STATEMENT | |
| Edition statement | 1. vyd. |
| 260 ## - PUBLICATION, DISTRIBUTION, ETC. | |
| Place of publication, distribution, etc. | Bratislava |
| Name of publisher, distributor, etc. | Danubiaprint |
| Date of publication, distribution, etc. | 1995 |
| 300 ## - PHYSICAL DESCRIPTION | |
| Extent | 284 s. |
| Dimensions | 15 cm |
| 500 ## - GENERAL NOTE | |
| General note | Preložené z francúzštiny |
| 655 #7 - INDEX TERM--GENRE/FORM | |
| Genre/form data or focus term | francúzske romány |
| Source of term | SNKPH |
| 655 #7 - INDEX TERM--GENRE/FORM | |
| Genre/form data or focus term | historické romány |
| Source of term | SNKPH |
| 700 1# - ADDED ENTRY--PERSONAL NAME | |
| Personal name | Neman, Miroslav, |
| Dates associated with a name | 1926-2005 |
| Relationship | trl |
| 942 ## - ADDED ENTRY ELEMENTS (KOHA) | |
| Source of classification or shelving scheme | Dewey Decimal Classification |
| Koha item type | Krásna literatúra pre dospelých |
| Suppress in OPAC | No |
| 949 ## - LOCAL PROCESSING INFORMATION (OCLC) | |
| 6 | 270001000019904 |
| a | svkbbA 90012 |
| b | svkbbm 597511 |
| p | 597.511 |
| 949 ## - LOCAL PROCESSING INFORMATION (OCLC) | |
| 6 | 17A1014080 |
| a | snkSC 89540 |
| s | 6100:20140925 |
| 949 ## - LOCAL PROCESSING INFORMATION (OCLC) | |
| 6 | 4710700840 |
| a | strmkB |
| b | strmk2008/840 |
| 949 ## - LOCAL PROCESSING INFORMATION (OCLC) | |
| 9 | P60, <09>, [BOOK], {629} |
| a | snkC 2141 |
| b | snk4207/951207 |
| 949 ## - LOCAL PROCESSING INFORMATION (OCLC) | |
| 9 | P60, <03>, [BOOK], {603} |
| a | snkSC 89540 |
| b | snkKSP 10268/95 |
| 949 ## - LOCAL PROCESSING INFORMATION (OCLC) | |
| 6 | 17A0079366 |
| 9 | P60, <05>, [BOOK], {605} |
| a | snkSC 89540 D1 |
| b | snkKSP 10269/95 |
| 949 ## - LOCAL PROCESSING INFORMATION (OCLC) | |
| 6 | 273K0224418 |
| a | svkpoA 166545 |
| b | svkpo413134 |
| o | PV 3720/95 |
| Stav vyradenia | Strata | Poškodenie | Spôsob nadobudnutia | Domovská knižnica | Aktuálna knižnica | Dátum nadobudnutia | Total checkouts | Čiarový kód exemplára | Date last seen | Typ exemplára |
|---|---|---|---|---|---|---|---|---|---|---|
| Dar | Obecná knižnica Horná Štubňa | Obecná knižnica Horná Štubňa | 24.03.2026 | 9788021801837 | 24.03.2026 | Krásna literatúra pre dospelých |
